000 00885nas a2200265 4500
001 BR2010004943
003 BR-BrBNA
005 20231205114319.0
007 ta
008 230509b bl.|||p| |||| 00| 00por d
040 _aBR-BrBNA
_bpor
_cBiblioteca Nacional de Agricultura
041 _a(Pt)
072 _aF30
100 1 _aBrito, A.C..
100 1 _aSouza, J.D.
100 1 _aRebouças, T.N.H.
100 1 _aAmaral, C.L.F.
245 1 _aPropriedades do polen e do estigma de Ocimum basilicum L. (cultivar Maria Bonita)para aumentar a eficiência de cruzamentos em programas de melhoramento
650 _aMANJERICÃO
650 _aPOLEN
650 _aCRUZAMENTO VEGETAL
773 0 _tRevista Brasileira de Plantas Medicinais (Brazil)
_xISSN 1516-0572
_g(May 2010), v. 12(2) p. 208-214
_wBR2010004943
909 _a202311
_bLúcia
_c55
_dLúcia Elande
942 _2AGRIS
_n0
_cANA
999 _c208177
_d208177